Fist Bump Lyrics (Sonic Forces) - Statistics

General Stats
  • This quiz has been taken 50 times
  • The average score is 257 of 362
Answer Stats
Answer % Correct
a
94%
I
94%
I,
94%
the
94%
The
94%
to
89%
we
89%
We
89%
are
83%
fist
83%
me
83%
on
83%
you
83%
You
83%
and
78%
bump…
78%
can
78%
do
78%
I’m
78%
it
78%
show
78%
through
78%
Together,
78%
Together
78%
together
78%
what
78%
won
78%
world
78%
am
72%
battle’s
72%
be
72%
can’t
72%
Can’t
72%
fight
72%
fight,
72%
next
72%
No
72%
no
72%
of
72%
One
72%
one
72%
our
72%
push
72%
strong
72%
than
72%
this
72%
until
72%
alone
67%
alone,
67%
better
67%
Both
67%
different
67%
each
67%
Even
67%
feel
67%
feeling
67%
is
67%
make
67%
more
67%
Need
67%
other
67%
Pushing
67%
put
67%
Running
67%
see
67%
see,
67%
Someone
67%
something
67%
speed
67%
Such
67%
trust
67%
us
67%
us,
67%
afraid
61%
ahead
61%
attack
61%
back
61%
believing
61%
Full
61%
goodbye
61%
into
61%
Into
61%
last
61%
Let’s
61%
never
61%
say
61%
Standing
61%
sunset
61%
though
61%
united,
61%
victory
61%
we’re
61%
after
56%
gonna
56%
have
56%
holding
56%
key
56%
Kiss
56%
looking
56%
thing
56%
try
56%
two,
56%
When
56%
will
56%
your
56%
All
50%
Before
50%
before
50%
break
50%
couldn’t
50%
fears
50%
It’s
50%
one’s
50%
anymore
44%
been
44%
But
44%
day
44%
don’t
44%
emptiness
44%
know
44%
today,
44%
brand
39%
new
39%
page
39%
turned
39%
way
39%
done
33%
give
33%
help
33%
how
33%
inside
33%
knew
33%
needed
33%
Somebody
33%
stride
33%
up
33%
much
28%
work
28%
No matching quizzes found
Score Distribution
Percent of People with Each Score
Percentile by Number Answered
Your Score History
You have not taken this quiz